000 00625cab a2200217 4500
001 WB2832-63
008 090401t1992 xxu||||| |||| 00| 0 eng d
035 _a(Sirsi) u287
041 _aeng
245 _aValue of building land down 62%
260 _c1992
350 _a0
490 _aIndependent
_v17 August 1992, 18(1)
520 _aThe fall in value of housebuilding land over the past three years has been estimated at 62% in Savills "Building Land Price Index".
650 _aHOUSE BUILDING LAND
650 _aLAND VALUES
690 _aBUILT ENVIRONMENT
690 _aLAND
942 _n0
948 _c04/03/1997
999 _c111
_d111